| 000 | 00862nam a2200241 a 4500 | ||
|---|---|---|---|
| 001 | 000007982 | ||
| 005 | 20200929154359.0 | ||
| 008 | 090914s2006 pr 001 0 spa d | ||
| 020 | _a1932271651 | ||
| 040 | _aDO-SdBNP | ||
| 082 |
_a894.511 _bR457t |
||
| 245 | 0 | 0 |
_aTendré un helicóptero : _bmuestra de una lírica húngara / _cselección y traducción del hungaro por María Teresa Reyes, Georges Ferdinandy. |
| 260 |
_aSan Juan, Puerto Rico : _bIsla Negra, _c2006. |
||
| 300 |
_a67 p. ; _c22 cm. |
||
| 490 | 1 | _aLos nuevos caníbales | |
| 500 | _aIncluye datos biográficos deen la solapa. | ||
| 650 | 4 |
_aPoesía húngara _xAntologías _921824 |
|
| 650 | 4 |
_aLiteratura húngara _921825 |
|
| 700 | 1 |
_aFerdinandy, Georges, _d1956- _etr. _921826 |
|
| 700 | 1 |
_aReyes, María teresa, _d1956- _etr. _921827 |
|
| 830 | 0 |
_aLos nuevos caníbales _9635 |
|
| 049 | _aBNPD | ||
| 999 |
_c7759 _d7759 |
||